| 000 | 02158nam0a2200349 4500 | ||
|---|---|---|---|
| 001 | RU\NLR\bibl\1043285 | ||
| 005 | 20260407100037.0 | ||
| 021 |
_aRU _b2006-84554 _94285 |
||
| 035 | _a(nilc)RSL-KNO-003015296 | ||
| 035 | _a(NLR Aleph) 001030670 | ||
| 090 |
_a756522 _c756522 |
||
| 100 | _a20061222d2006 |||y0rusy50 ca | ||
| 101 | 0 | _arus | |
| 102 | _aRU | ||
| 105 | _aa zzzz||||| | ||
| 106 | _ar | ||
| 200 | 1 |
_aИндуцированный иммунитет сельскохозяйственных культур - важное направление в защите растений _eматериалы Всероссийской научно-практической конференции, Большие Вяземы Московской области, 15-16 ноября 2006 г. _f[под ред. академиков РАСХН С.С. Санина и В.А. Павлюшина] |
|
| 210 |
_aБольшие Вяземы (Московская обл.) _aСанкт-Петербург _cИнновационный центр защиты растений _d2006 |
||
| 215 |
_a124 с. _cил. _d22 |
||
| 300 | _aВ надзаг.: Рос. акад. с.-х. наук, ВНИИ защиты растений, ВНИИ фитопатологии | ||
| 606 | 1 |
_aРастения _jСъезды, совещания и т.п. _xИммунитет индуцированный _92463624 _3RU\NLR\auth\661463695 |
|
| 610 | 0 | _aСельское и лесное хозяйство. Сельскохозяйственные и лесохозяйственные науки -- Защита растений -- Иммунитет растений к болезням и вредителям -- Материалы конференции | |
| 686 |
_aП413я431(2) _2rubbk |
||
| 686 | _aП413-53я431(2) | ||
| 702 | 1 |
_aСанин _bС. С. _4340 |
|
| 712 | 0 | 2 |
_4570 _aВсероссийский НИИ защиты растений _cСанкт-Петербург _3RU\NLR\AUTH\889925960 _9347728 |
| 801 | 0 |
_aRU _bРКП _c20061222 _grcr |
|
| 801 | 1 |
_aRU _bРГБ _c20061222 |
|
| 801 | 2 |
_aRU _bNLR _c20070209 _grcr |
|
| 942 | _cBOOK | ||
| 980 | _aNB | ||